| 000 | 00601nam a2200205 i 4500 | ||
|---|---|---|---|
| 001 | bg | ||
| 100 | 1 | _aSZCZENIOWSKI, Jeremi | |
| 245 | 1 | 0 |
_aMetaantropologia filozoficzna : _bzarys antropologii krytycznej / _cJeremi Szczeniowski. |
| 260 |
_aWarszawa : _bOficyna Wydaw. Politechniki Warszawskiej, _c1997. |
||
| 300 |
_a142, [1] s. ; _c24 cm. |
||
| 504 | _aBibiliogr. s. 134-[143]. | ||
| 650 | 9 |
_aAntropologia filozoficzna _y20 w. |
|
| 020 | _a8372070059 | ||
| 040 | _cBPK | ||
| 041 | 0 | _apl | |
| 080 | _a1 | ||
| 920 | _a83-7207-005-9 | ||
| 942 | _cKS | ||
| 008 | s pl f |000 0 pol | ||
| 999 |
_c33234 _d33234 |
||
| 856 |
_uhttp://koha.tu.koszalin.pl/cgi-bin/koha/opac-detail.pl?biblionumber=33234 _yKatalog online BPK |
||